Zákon o vlastníctve bytov a nebytových priestorov

Úplné znenie zákona č.182 Národnej rady Slovenskej republiky z 8. júla 1993 o vlastníctve bytov a nebytových priestorov.

Salvato in:
Dettagli Bibliografici
Autore principale: Zányiová, J.
Natura: Capitolo di libro
Lingua:slovacco
Soggetti:
Tags: Aggiungi Tag
Nessun Tag, puoi essere il primo ad aggiungerne!!

MARC

LEADER 00000naa a2200000 4500
001 r016102
005 20221213123127.9
041 0 |a slo 
044 |a SK 
245 1 0 |a Zákon o vlastníctve bytov a nebytových priestorov  |c J. Zányiová 
520 |a Úplné znenie zákona č.182 Národnej rady Slovenskej republiky z 8. júla 1993 o vlastníctve bytov a nebytových priestorov. 
610 2 0 |a zákony 
610 2 0 |a byty 
610 2 0 |a priestory nebytové 
610 2 0 |a vlastníctvo 
610 2 0 |a NR SR Bratislava 
610 2 0 |a 1993 
100 1 |a Zányiová, J.